UBT Library

Water supply and pollution control (Record no. 44050)

000 -LEADER
fixed length control field 00542cam a2200205 4500
001 - CONTROL NUMBER
control field 2641476
005 - DATE AND TIME OF LATEST TRANSACTION
control field 20180302072806.0
008 - FIXED-LENGTH DATA ELEMENTS--GENERAL INFORMATION
fixed length control field 700725s1965 pauab b 001 0 eng
010 ## - LIBRARY OF CONGRESS CONTROL NUMBER
LC control number 65023807
040 ## - CATALOGING SOURCE
Original cataloging agency DLC
Transcribing agency DLC
Modifying agency DLC
041 ## - LANGUAGE CODE
Language code of text/sound track or separate title eng
080 ## - UNIVERSAL DECIMAL CLASSIFICATION NUMBER
Universal Decimal Classification number 628 CLA
082 00 - DEWEY DECIMAL CLASSIFICATION NUMBER
Classification number 628 CLA
100 1# - Rafti
Rafti 27
101 ## - Shkurtesa
Shkurtesa IM
245 10 - TITLE STATEMENT
Title Water supply and pollution control
Statement of responsibility, etc [by] John W. Clark [and] Warren Viessman, Jr.
504 ## - BIBLIOGRAPHY, ETC. NOTE
Bibliography, etc Includes bibliographies.
906 ## - LOCAL DATA ELEMENT F, LDF (RLIN)
a 7
b cbc
c orignew
d u
e ncip
f 19
g y-gencatlg
942 ## - ADDED ENTRY ELEMENTS (KOHA)
Source of classification or shelving scheme
Item type Books
Holdings
Withdrawn status Lost status Source of classification or shelving scheme Damaged status Not for loan Collection code Permanent location Current location Shelving location Date acquired Total Checkouts Full call number Barcode Date last seen Price effective from Koha item type
          Koleksioni i përgjithshem UBT - Lipjan UBT - Lipjan Koleksioni i përgjithshem 03/02/2018   628 CLA 002-3000508 03/02/2018 03/02/2018 Books
UBT Library © 2015-2024. All rights reserved University Education for Business and Technology